Statistiques concernant capitale usa

Cliquez ici pour prendre le quiz!

Statistiques générales

  • Ce quiz a été pris 65 fois
  • Le résultat moyen est 38 sur 50

Statistiques - réponses

QuestionRéponse% Correct
capitale de l'arizonaphoenix
98%
capitale de l'alabamamont gomery
95%
capitale hawaihonolulu
91%
capitale de l'arkansaslittle rock
91%
capitale californiesacramento
91%
capitale coloradodenver
90%
capitale caroline du sudcolumbia
88%
capitale utahsalt lake city
88%
capitale nouveau mexiquesanta fe
88%
capitale ohiocolumbus
86%
capitale louisianebâton-rouge
84%
capitale wyomingcheyenne
83%
capitale indianaindianapolis
83%
capitale de l'alaskajuneau
83%
tennesseenashville
83%
capitale texasaustin
81%
capitale iowades moines
81%
capitale dakota du nordbismarck
79%
capitale virginie-occidentalecharleston
79%
capitale montanahelena
78%
capitale mississippijackson
78%
capitale oklahomaoklahoma city
78%
capitale géorgieantlanta
76%
capitale vermontmontpelier
76%
capitale dakota du sudpierre
76%
capitale idahoboise
74%
capitale virginierichmond
74%
capitale new yorkalbany
72%
capitale kentuckyfrankfort
72%
capitale washingtonolympia
72%
capitale rhode islandprovidence
72%
capitale connecticuthartford
71%
capitale oregonsalem
71%
capitale floridetallahassee
71%
capitale kansastopeka
71%
capitale nevadacarson city
69%
capitale new hampshireconcord
69%
capitale delawaredover
69%
capitale illinoisspringfield
69%
capitale nebraskalincoln
67%
capitaleboston
66%
capitale wisconsinmadison
64%
capitale new jerseytrenton
64%
capitale pennsylvanieharrisburg
62%
capitale caroline du nordraleigh
60%
capitale maineaugusta
59%
missourijefferson city
59%
capitale minnesotasaint-paul
59%
capitale marylandannapolis
57%
capitale michiganlansing
47%

Distribution des résultats

Percentile par nombre de réponses

% des personnes avec chaque résultat

Votre développement - résultats

Vous n’avez pas pris ce quiz